[Event "Olicio Gadia mem"]
[Site "Rio de Janeiro"]
[Date "1997.??.??"]
[Round "9"]
[White "Teixeira, Ricardo da Silva"]
[Black "Gomez Baillo, Jorge H"]
[Result "1-0"]
[WhiteElo "2320"]
[BlackElo "2445"]

1.e4 e6 2.d4 d5 3.Nc3 Bb4 4.e5 b6 5.Bd2 Ba6 6.Nce2 Bxd2+ 7.Qxd2 Ne7 8.g3 c5
9.c3 Nbc6 10.f4 Rc8 11.Nf3 Qd7 12.Bh3 Na5 13.b3 Qb5 14.Rd1 O-O 15.Kf2 cxd4
16.Nexd4 Qd7 17.Rhe1 Nac6 18.Re3 Nxd4 19.Nxd4 Nc6 20.f5 Nxd4 21.Qxd4 f6 22.Kg1 fxe5
23.Rxe5 exf5 24.Rxd5 Qe6 25.Rd6 Qe7 26.Rd7 Qg5 27.c4 Rce8 28.Qf4 Qxf4 29.gxf4 Rf7
30.Rxf7 Kxf7 31.Rd7+ Re7 32.Rxe7+ Kxe7 33.Bxf5 h6 34.Bd3 g5 35.fxg5 hxg5
36.Kf2 Kf6 37.Ke3 Ke5 38.Be4 Bc8 39.Bd3 a5 40.a3 Be6 41.Be2 Bf5 42.Bf3 Bc2
43.b4 axb4 44.axb4 Bf5 45.Bc6 Bg6 46.Bd7 Kd6 47.Bc8 Ke5 48.Bb7 Bf5 49.c5 bxc5
50.bxc5 Bd7 51.Kd3 Bb5+ 52.Kc3 g4 53.Kb4 Bd7 54.Ka5 Kf4 55.Kb6 Kg5 56.Bc6 Bf5
57.Bb5 Be4 58.Kc7 Kh4 59.Bf1 Bh1 60.Kd6 Bf3 61.Ke5 Bb7 62.Kf4 Bc6 63.Be2 Bd7
64.Bd3 Kh3 65.Bf5 Ba4 66.Bxg4+ Kxh2 67.Ke5 Kg3 68.Be6 Kf3 69.Kd6 Kf4 70.Bd7 Bc2
71.c6 Be4 72.c7 Bb7 73.Kc5  1-0

[Event "Schwaebisch Gmuend op"]
[Site "Schwaebisch Gmuend"]
[Date "1997.??.??"]
[Round "4"]
[White "Lindoerfer, Klaus"]
[Black "Rogowski, Uwe"]
[Result "1-0"]
[WhiteElo "2270"]
[BlackElo "2080"]

1.e4 e6 2.d4 d5 3.Nc3 Bb4 4.e5 Ne7 5.Qg4 c5 6.a3 Bxc3+ 7.bxc3 Qc7 8.Qxg7 Rg8
9.Qxh7 cxd4 10.Ne2 Nbc6 11.f4 Bd7 12.Qd3 dxc3 13.Nxc3 a6 14.Rb1 Na5 15.Ne2 Bb5
16.Qc3 Qxc3+ 17.Nxc3 Bxf1 18.Kxf1 Rc8 19.Ne2 Rxc2 20.Kf2 Nf5 21.Rd1 Kd7 22.Rd2 Rc7
23.a4 Nc4 24.Rd3 Na5 25.h3 Rc2 26.g4 Nh4 27.Bd2 Nc4 28.Rxb7+ Kc8 29.Rdb3 Rxd2
30.Rb8+ Kc7 31.Rxg8 d4 32.Kg3 Ng6 33.Nc1 Ne3 34.Nd3 Nf1+ 35.Kf3 Ne7 36.Rgb8 Nh2+
37.Kg3 Ng6 38.R3b7+ Kc6 39.Nb4+  1-0

[Event "Schwaebisch Gmuend op"]
[Site "Schwaebisch Gmuend"]
[Date "1997.??.??"]
[Round "8"]
[White "Chandler, Patrick"]
[Black "Bruch, Ingo"]
[Result "1/2-1/2"]
[WhiteElo "2200"]
[BlackElo "2320"]

1.e4 e6 2.d4 d5 3.Nc3 Bb4 4.e5 Ne7 5.Nf3 c5 6.a3 Bxc3+ 7.bxc3 Bd7 8.a4 Qa5
9.Qd2 Nbc6 10.Bd3 f6 11.O-O fxe5 12.dxe5 O-O 13.Re1 Rxf3 14.gxf3 Rf8 15.Re3 Nf5
16.f4 Nxe3 17.fxe3 Qd8 18.Qg2 Ne7 19.c4 Bc6 20.cxd5 Bxd5 21.e4 Bc4 22.Ra3 Qd4+
23.Qf2 Bxd3 24.Qxd4 cxd4 25.Rxd3 Nc6 26.Kg2 Rd8 27.Ba3 Kf7 28.Bd6 Rd7 29.Kg3 g6
30.Kg4 a6 31.h4 b5 32.axb5 axb5 33.h5 gxh5+ 34.Kxh5 Ra7 35.f5 Ra1 36.f6 Rh1+
37.Kg4 b4 38.Rg3 Rh6 39.Kf4 Rg6 40.Rh3 h6 41.Rh1 Rg2 42.Rxh6 Kg8 43.Rh1 Rf2+
44.Kg3 Rxc2 45.Rg1 Nd8 46.Kf3+ Kh8 47.Rg7 b3 48.f7 Nxf7 49.Rxf7 d3 50.Ba3 Ra2
51.Bc1 d2 52.Bxd2 Rxd2 53.Rb7 b2 54.Kf4 Kg8  1/2-1/2

[Event "Seefeld op"]
[Site "Seefeld"]
[Date "1997.??.??"]
[Round "?"]
[White "Rudolf, Henrik"]
[Black "Hausmann, Ilka"]
[Result "1/2-1/2"]
[WhiteElo "2280"]
[BlackElo "2130"]

1.e4 e6 2.d4 d5 3.Nc3 Bb4 4.e5 Ne7 5.a3 Bxc3+ 6.bxc3 c5 7.h4 Bd7 8.h5 h6
9.Qg4 Qa5 10.Bd2 Qa4 11.Qxg7 Rg8 12.Qxh6 cxd4 13.Rh3 Nbc6 14.Qf4 O-O-O 15.Nf3 Qxc2
16.cxd4 Qb2 17.Rc1 Kb8 18.h6 Ng6 19.Qe3 Nh8 20.Rh4 Ne7 21.g4 Rc8 22.h7 Rgd8
23.Rh3 Rxc1+ 24.Bxc1 Qa1 25.Ng1 Rc8 26.Ne2 Bb5 27.Nc3 Bxf1 28.Kxf1 Nc6 29.Ne2 Nxd4
30.Qxd4 Rxc1+ 31.Kg2 Rg1+ 32.Kf3 Qxa3+ 33.Qc3 Qxc3+ 34.Nxc3 a6 35.Ne2 Re1
36.Rh5 Ka7 37.Ng3 d4 38.Ne4 d3 39.Rh3 b5 40.Kf4 Ng6+ 41.Kf3  1/2-1/2

[Event "Seefeld op"]
[Site "Seefeld"]
[Date "1997.??.??"]
[Round "?"]
[White "Ude, Hans Eduard"]
[Black "Schumacher, Helmut"]
[Result "1/2-1/2"]
[WhiteElo "1920"]
[BlackElo "2195"]

1.e4 e6 2.d4 d5 3.Nc3 Bb4 4.e5 Ne7 5.a3 Bxc3+ 6.bxc3 c5 7.Nf3 Qa5 8.Bd2 Nbc6
9.a4 Bd7 10.Be2 f6 11.O-O fxe5 12.c4 Qc7 13.cxd5 Nxd4 14.dxe6 Nxf3+ 15.Bxf3 Bxe6
16.Bc3 O-O 17.Qe2 Ng6  1/2-1/2

[Event "POL-ch"]
[Site "Sopot"]
[Date "1997.??.??"]
[Round "7"]
[White "Socko, Bartosz"]
[Black "Gdanski, Jacek"]
[Result "1/2-1/2"]
[WhiteElo "2435"]
[BlackElo "2485"]

1.e4 e6 2.d4 d5 3.Nc3 Bb4 4.e5 b6 5.a3 Bf8 6.Nf3 Qd7 7.Bd3 Ba6 8.O-O c5 9.Re1 Ne7
10.b3 Bxd3 11.Qxd3 Nbc6 12.Bb2 cxd4 13.Nb5 Ng6 14.Rad1 Bc5 15.h4 O-O 16.h5 Nf4
17.Qd2 Nxh5 18.b4 Be7 19.g4 f6 20.Nbxd4 Nxe5 21.Rxe5 fxe5 22.Nxe5 Qd6 23.Nb5 Qb8
24.gxh5 a6 25.Nd7 Qc8 26.Nxf8 axb5 27.Nxe6 Qxe6 28.Qxd5 Qxd5 29.Rxd5 Rc8
30.Rd7 Rxc2 31.Bxg7 Bh4 32.f4 Bf2+ 33.Kh1 Be3 34.Be5 Rf2 35.Rd8+ Kf7 36.Rd3 Bc1
37.Kg1 Rd2 38.Rc3 Rd1+ 39.Kg2 Ke6 40.Bc7 Kf5 41.Bxb6 Bxf4 42.Kf3 Rc1 43.Rc5+ Rxc5
44.bxc5 Be5 45.c6 Ke6 46.Ke4 Bd6 47.c7  1/2-1/2

[Event "POL-ch"]
[Site "Sopot"]
[Date "1997.??.??"]
[Round "8"]
[White "Pedzich, Dominik"]
[Black "Socko, Bartosz"]
[Result "1/2-1/2"]
[WhiteElo "2465"]
[BlackElo "2435"]

1.e4 e6 2.d4 d5 3.Nc3 Bb4 4.e5 Ne7 5.a3 Bxc3+ 6.bxc3 c5 7.Qg4 Kf8 8.Qd1 Qa5
9.Qd2 Qa4 10.Rb1 b6 11.Bb5 Qa5 12.a4 cxd4 13.cxd4 Qxd2+ 14.Kxd2 Bd7 15.Ba3 f6
16.Nf3 Kf7 17.g4 Bxb5 18.axb5 Nd7 19.exf6 gxf6 20.Rb3  1/2-1/2

[Event "St Heliers op"]
[Site "St Heliers"]
[Date "1997.??.??"]
[Round "2"]
[White "Smith, Andrew Philip"]
[Black "Hawes, Jonathan"]
[Result "1/2-1/2"]
[WhiteElo "2260"]
[BlackElo "2075"]

1.e4 e6 2.d4 d5 3.Nc3 Bb4 4.e5 Qd7 5.Bd2 b6 6.Bb5 c6 7.Ba4 a5 8.a3 Bf8 9.Nf3 Ba6
10.Ne2 Ne7 11.O-O Bxe2 12.Qxe2 b5 13.Bb3 a4 14.Ba2 Na6 15.Rad1 h5 16.c3 Nc7
17.Bb1 Nf5 18.Rfe1 Be7 19.Kh1 Ra6 20.Bg5 Qd8 21.Qd2 Nh4 22.Bxh4 Bxh4 23.Nxh4 Qxh4
24.Re3 Kd7 25.Rh3 Qe7 26.g4 h4 27.f4 g6 28.Qf2 Raa8 29.g5 Rag8 30.Rg1 Na8
31.Rg4 Nb6 32.Rgxh4 Rxh4 33.Rxh4 Qe8 34.Rh7 Kc8 35.Bd3 Rh8 36.Qh4 Rxh7 37.Qxh7 Qd7
38.h4 Nc4 39.Bxc4 dxc4 40.Kg1 c5 41.dxc5 Qd1+ 42.Kf2 Qd2+ 43.Kf3 Qd3+ 44.Kf2 Qd2+  1/2-1/2

[Event "White Nights op"]
[Site "St Petersburg"]
[Date "1997.??.??"]
[Round "?"]
[White "Aseeva, Marina"]
[Black "Potkin, Vladimir"]
[Result "0-1"]
[WhiteElo "2155"]
[BlackElo "2310"]

1.e4 e6 2.d4 d5 3.Nc3 Bb4 4.e5 Ne7 5.Qg4 c5 6.a3 Qa5 7.Bd2 cxd4 8.Qxd4 Nbc6
9.Qf4 Ng6 10.Qg4 d4 11.axb4 Qxa1+ 12.Nd1 Ncxe5 13.Qxd4 O-O 14.Bc3 Bd7 15.f4 Rfd8
16.fxe5 Bc6 17.Qg4 h5 18.Qxh5 Nf4 19.Qg4 Rxd1+ 20.Qxd1 Nxg2+ 21.Kd2 Qxd1+
22.Kxd1 Nh4 23.Bd3 Bxh1 24.Ke2 Rd8 25.Nh3 b6 26.Nf2 Bc6 27.Ne4 Nf5 28.Ng5 Rd5
29.Be4 Bb5+ 30.Ke1 Rd8 31.Nf3 Kf8 32.b3 Rc8 33.Bd2 Bc6 34.Bxc6 Rxc6 35.c4 f6
36.b5 Rc8 37.Bc3 Kf7 38.Ke2 Rh8 39.Kd3 Rh3 40.Ke2 Nh4  0-1

[Event "Stockholm"]
[Site "Stockholm"]
[Date "1997.??.??"]
[Round "5"]
[White "Wallace, John Paul"]
[Black "Lyrberg, Patrik"]
[Result "0-1"]
[WhiteElo "2350"]
[BlackElo "2430"]

1.e4 e6 2.d4 d5 3.Nc3 Bb4 4.e5 Qd7 5.Bd2 b6 6.Bb5 c6 7.Ba4 a5 8.a3 Bxc3 9.Bxc3 Ba6
10.Qg4 f5 11.Qg3 Kf7 12.b4 axb4 13.Bxb4 Bc4 14.Bb3 c5 15.Bc3 Ba6 16.Qe3 Ne7
17.dxc5 bxc5 18.Qxc5 Rc8 19.Qe3 Qb5 20.a4 Qf1+ 21.Kd2 Rxc3 22.Qxc3 Qxf2+
23.Kc1 Qxg2 24.Qf3 Qg5+ 25.Kb2 Nbc6 26.Nh3 Qh4 27.Qe3 h6 28.Nf4 Rb8 29.a5 g5
30.Ng2 Qc4 31.h4 Nd4 32.Ne1 f4 33.Qc3 g4 34.h5 Nec6 35.Rh4 Nxe5 36.Rd1 Qxc3+
37.Kxc3 Ne2+ 38.Kd2 Kf6 39.Ra1 Kg5 40.Rh1 Ng3 41.Rg1 Ne4+  0-1

[Event "SVK-chT1W 9798"]
[Site "SVK"]
[Date "1997.??.??"]
[Round "?"]
[White "Schwarz, Dusan"]
[Black "Rados, Ivan"]
[Result "1-0"]
[WhiteElo "2070"]
[BlackElo "1960"]

1.e4 e6 2.d4 d5 3.Nc3 Bb4 4.e5 Ne7 5.a3 Bxc3+ 6.bxc3 b6 7.a4 a5 8.Qg4 Ng6
9.h4 h5 10.Qg3 Ba6 11.Nf3 Qd7 12.Ng5 Bxf1 13.Rxf1 Nc6 14.Kd1 Nce7 15.Qf3 Nf5
16.g3 Rc8 17.Qd3 Qc6 18.Re1 Qc4 19.Bd2 Rd8 20.Nf3 O-O 21.Ke2 c5 22.Qxc4 dxc4
23.dxc5 bxc5 24.Reb1 Rd5 25.Bf4 f6 26.exf6 gxf6 27.Rb5 e5 28.Be3 Nxe3 29.fxe3 f5
30.Rb6 Ne7 31.Re6 e4 32.Ne5 Rfd8 33.Nxc4 Kf7 34.Rb6 f4 35.gxf4 Nf5 36.Rg1 Ke7
37.Rb7+ Kf6 38.Rb6+ Ke7 39.Rg5 Nxh4 40.Rxd5 Rxd5 41.Nd2 Nf5 42.Nxe4 h4 43.Rb7+ Rd7
44.Rxd7+ Kxd7 45.Nf2 Nd6 46.Kd3 c4+ 47.Kd4 Nf5+ 48.Ke4 Ke6 49.Kf3 Nd6 50.Kg4 Nb7
51.Ne4 Kd5 52.Nd2 Nc5 53.Kxh4 Nxa4 54.e4+ Kc5 55.Nb1 Nb6 56.Kg5 Nc8 57.e5 Kd5
58.Kf6 Ke4 59.f5 Nb6 60.e6 Nd5+ 61.Kf7 Kxf5 62.e7 Nxe7 63.Kxe7 Ke5 64.Na3 Kd5
65.Kf6 a4 66.Kf5  1-0

[Event "SVK-chT1W 9798"]
[Site "SVK"]
[Date "1997.??.??"]
[Round "?"]
[White "Pinter, Erik"]
[Black "Rados, Ivan"]
[Result "0-1"]
[WhiteElo "2030"]
[BlackElo "1960"]

1.e4 e6 2.d4 d5 3.Nc3 Bb4 4.e5 Ne7 5.Qg4 Ng6 6.h4 h5 7.Qg3 Nc6 8.Nf3 Nce7
9.Bd3 c5 10.a3 Bxc3+ 11.bxc3 c4 12.Bxg6 Nxg6 13.Be3 Qa5 14.Kd2 Bd7 15.Ng5 Ne7
16.Qf4 Nf5 17.f3 f6 18.Nh3 O-O-O 19.Bf2 Qc7 20.Rhe1 Rde8 21.Re2 Rhf8 22.Rae1 fxe5
23.Qxe5 Nd6 24.Bg3 Nb5 25.Qxg7 Qa5 26.Re3 Rf5 27.Be5 Nxa3 28.Ra1 Qa4 29.Rc1 b5
30.g4 Rff8 31.Ng5 Rg8 32.Qf7 Rgf8 33.Qxh5 b4 34.Nh7 bxc3+ 35.Kd1 Rg8 36.Nf6 Rh8
37.Nxe8 Rxh5 38.Nd6+ Kd8 39.gxh5 Nxc2 40.Rxc2 Qa1+ 41.Ke2 Qh1 42.Rexc3 Qxh4
43.Ke3 Qe1+ 44.Re2 Qxc3+ 45.Kf2 Qd3 46.h6 Ke7 47.Bf4 c3 48.Re1 c2 49.Rc1 Qxd4+
50.Kg3 Qd3 51.Rh1 Qh7 52.Rg1 e5 53.Re1 Qg6+  0-1

[Event "SVK-chT 9798"]
[Site "SVK"]
[Date "1997.??.??"]
[Round "2"]
[White "Gazik, Igor"]
[Black "Komora, Andrej"]
[Result "1-0"]
[WhiteElo "2395"]
[BlackElo "2230"]

1.e4 e6 2.d4 d5 3.Nc3 Bb4 4.e5 Ne7 5.a3 Bxc3+ 6.bxc3 c5 7.Qg4 Qc7 8.Bd3 c4
9.Be2 Qa5 10.Bd2 Nf5 11.Qh3 Bd7 12.Bd1 Ba4 13.g4 Ne7 14.Ne2 Nbc6 15.Ng3 O-O-O
16.Nh5 Rhg8 17.f4 Rdf8 18.f5 exf5 19.gxf5 f6 20.Rg1 Kb8 21.exf6 gxf6 22.Rxg8 Nxg8
23.Ng7 h6 24.Ne6 Rc8 25.Qg3+ Ka8 26.Bf4 a6 27.Bd6 Nge7 28.Nc7+ Ka7 29.Bc5+ Kb8
30.Nxd5+ Ne5 31.Bd6+ Ka8 32.Nxe7 Nd3+ 33.Kd2 Qb6 34.Nxc8 Qb2 35.Nb6+ Qxb6
36.Qg8+ Ka7 37.Qb8+  1-0

[Event "Piatka op"]
[Site "Swidnica"]
[Date "1997.??.??"]
[Round "5"]
[White "Kuzmin, Gennadi P"]
[Black "Eschenko, Vadim"]
[Result "1/2-1/2"]
[WhiteElo "2535"]
[BlackElo "2310"]

1.e4 e6 2.d4 d5 3.Nc3 Bb4 4.e5 Ne7 5.Bd2 b6 6.Nh3 Ba6 7.Bxa6 Nxa6 8.Nf4 Nf5
9.Qe2 Qc8 10.Nb5 Bxd2+ 11.Qxd2 Qd7 12.Qe2 Nb4 13.c3 Nc2+ 14.Qxc2 Qxb5 15.g4 Ne7
16.Nh5 O-O-O 17.a4 Qa6 18.Qe2 Qxe2+ 19.Kxe2 g6 20.Nf4 a5 21.h4 Kd7 22.h5 c5
23.Ke3 Rc8 24.Rac1 cxd4+ 25.cxd4 Rxc1 26.Rxc1 Rc8 27.Rxc8 Kxc8 28.hxg6 hxg6
29.Ne2 Kd7 30.Nc3 Nc6 31.Nb5 Nb4 32.Kd2 Ke7 33.f3 Kd7 34.Na3 Kd8 35.Nc2 Nc6
36.Ke3 Ke7 37.Kf4 f6 38.exf6+ Kxf6 39.Ke3 Ke7 40.f4 Kd6 41.Ne1 Ke7 42.Nf3 Kf6
43.Kd3 Nb4+ 44.Kd2 Nc6 45.Kc3 Ke7 46.Ne1 Kf6 47.Nf3 Ke7 48.b3 Kf6 49.Kd2 Ke7
50.Ke2 Kf7 51.Kf2 Ke7 52.Kg3 Kf7 53.Kh4 Kf6 54.Kg3 Kf7 55.Kf2 Ke7 56.Ke1 Kf6
57.Kd1 Kf7 58.Kc2 Ke7 59.Kd3 Kf7 60.g5 Ke8 61.Kc3 Ke7 62.Nh2 Ke8 63.Ng4 Kf7
64.Nf2 Ke7 65.Nd3 Kd6 66.Ne1 Ke7 67.Nf3 Ke8 68.b4 axb4+ 69.Kb3 Ke7 70.Ne5 Nxe5
71.fxe5 Kd7 72.Kxb4 Kc6 73.a5 bxa5+ 74.Kxa5 Kc7  1/2-1/2

[Event "Piatka op"]
[Site "Swidnica"]
[Date "1997.??.??"]
[Round "6"]
[White "Klovans, Janis"]
[Black "Rustemov, Alexander"]
[Result "0-1"]
[WhiteElo "2445"]
[BlackElo "2550"]

1.e4 e6 2.d4 d5 3.Nc3 Bb4 4.e5 Ne7 5.Nf3 c5 6.a3 Bxc3+ 7.bxc3 b6 8.Bb5+ Bd7
9.Bd3 Ba4 10.h4 h6 11.O-O c4 12.Be2 Kd7 13.h5 Qg8 14.Be3 Qh7 15.Rc1 Na6 16.Nh4 Nc7
17.f4 g6 18.Qd2 Rag8 19.Rf3 Kc8 20.Rcf1 Rg7 21.Rh3 gxh5 22.f5 exf5 23.Bxh5 Ne6
24.Bd1 h5 25.Rhf3 Rhg8 26.Nxf5 Nxf5 27.Rxf5 h4 28.R1f2 Rxg2+ 29.Rxg2 Rxg2+
30.Qxg2 Qxf5 31.Qxd5 Nc7 32.Qg2 Bd7 33.Bf3 h3 34.Qe2 Be6 35.d5 Nxd5 36.Qxc4+ Nc7
37.Qe4 Qxe4 38.Bxe4 Nb5 39.Bc1 Nxc3 40.Bd3 Kc7 41.Bd2 Na4 42.Bb5 Nc5 43.Bg5 a6
44.Be2 Ne4 45.Be3 Nc3 46.Bd3 Kc6 47.Kh2 a5 48.Bd4 Nb1 49.Bb2 a4 50.Kg3 Kc5
51.Bc1 b5 52.c4 Nxa3 53.Bxa3+ b4 54.Bc1 Kd4 55.Bf1 a3 56.c5 Kxc5 57.Be3+ Kd5  0-1

[Event "SWZ-chT9697"]
[Site "SWZ"]
[Date "1997.??.??"]
[Round "?"]
[White "Franzoni, Giancarlo"]
[Black "Maier, Christian"]
[Result "1/2-1/2"]
[WhiteElo "2455"]
[BlackElo "2360"]

1.e4 e6 2.d4 d5 3.Nc3 Bb4 4.e5 Ne7 5.a3 Ba5 6.b4 Bb6 7.Rb1 Nf5 8.Nf3 Nc6
9.Bb5 Bd7 10.Bxc6 Bxc6 11.O-O h6 12.b5 Bd7 13.Na4 O-O 14.Qd3 a6 15.Nxb6 cxb6
16.a4 axb5 17.axb5 Qe7 18.Rb3 Rfc8 19.Be3 Ra2 20.c3 Ra3 21.Rfb1 Rxb3 22.Rxb3 Ra8
23.Qb1 Ra3 24.Nd2 Ra4 25.Qb2 Qh4 26.Qb1 Ra5 27.h3 Be8 28.Nf3 Qd8 29.Kh2 Qd7
30.Bc1 Rxb5 31.Rxb5 Qxb5 32.Qxb5 Bxb5 33.Ba3 Be2 34.h4 Bxf3 35.gxf3  1/2-1/2

[Event "SWZ-chT9697"]
[Site "SWZ"]
[Date "1997.??.??"]
[Round "?"]
[White "Maier, Christian"]
[Black "Huss, Andreas"]
[Result "1-0"]
[WhiteElo "2360"]
[BlackElo "2325"]

1.e4 e6 2.d4 d5 3.Nc3 Bb4 4.e5 b6 5.Qg4 Bf8 6.Nf3 Qd7 7.Bb5 c6 8.Ba4 a5 9.a3 Ba6
10.Ne2 Bxe2 11.Kxe2 b5 12.Bb3 a4 13.Ba2 Ne7 14.h4 c5 15.h5 cxd4 16.Qxd4 Nbc6
17.Qd3 h6 18.Rd1 g5 19.hxg6 Nxg6 20.Qxb5 Ngxe5 21.c4 Nxf3 22.gxf3 Bg7 23.Kf1 Ra5
24.Qb6 d4 25.Bb1 f5 26.Bd2 Ra8 27.Qb5 Kf7 28.Bf4 Ra5 29.Qb6 e5 30.Bd2 Rb8
31.Bxf5 Qxf5 32.Qxc6 Qg6 33.Qxg6+  1-0

[Event "EU-ch U16"]
[Site "Tallinn"]
[Date "1997.??.??"]
[Round "2"]
[White "Bokros, Albert"]
[Black "Mkrtchan, Lilit"]
[Result "1-0"]
[WhiteElo "2310"]
[BlackElo "2210"]

1.e4 e6 2.d4 d5 3.Nc3 Bb4 4.e5 b6 5.Bd2 Qd7 6.Bb5 c6 7.Ba4 a5 8.a3 Bf8 9.Nce2 Ba6
10.c3 Ne7 11.Nf3 Qc7 12.O-O Nd7 13.Re1 Bd3 14.Nf4 Bf5 15.Qe2 b5 16.Bb3 a4
17.Ba2 Nb6 18.Rad1 Bc2 19.Rc1 Bf5 20.Nh4 Be4 21.f3 Bg6 22.Be3 Nf5 23.Nxf5 Bxf5
24.g4 Bg6 25.h4 h6 26.Nxg6 fxg6 27.Bb1 Qf7 28.f4 Be7 29.h5 gxh5 30.gxh5 Kd8
31.Bg6 Qg8 32.Rc2 Nd7 33.Qg4 Nf8 34.Bd3 Qf7 35.Rg2 Rg8 36.Rf1 Ra7 37.f5 exf5
38.Bxf5 Qe8 39.Bxh6  1-0

[Event "EU-ch U12"]
[Site "Tallinn"]
[Date "1997.??.??"]
[Round "7"]
[White "Guseinov, Kadir"]
[Black "Riazantsev, Alexander"]
[Result "1-0"]
[WhiteElo "2265"]
[BlackElo "2275"]

1.e4 e6 2.d4 d5 3.Nc3 Bb4 4.e5 b6 5.a3 Bf8 6.Qg4 Qd7 7.Nf3 Ne7 8.Qh5 Ba6
9.Bxa6 Nxa6 10.Ng5 Ng6 11.Nxh7 Qc8 12.Ne2 Qb7 13.Nf4 Nxf4 14.Bxf4 O-O-O 15.Qxf7 Rxh7
16.Bg5 Be7 17.Qxe7 Rdh8  1-0

[Event "EST-ch (Women)"]
[Site "Tallinn"]
[Date "1997.??.??"]
[Round "10"]
[White "Laesson, Tuulikki"]
[Black "Fomina, Tatyana"]
[Result "1-0"]
[WhiteElo "2290"]
[BlackElo "2265"]

1.e4 e6 2.d4 d5 3.Nc3 Bb4 4.e5 b6 5.a3 Bxc3+ 6.bxc3 Ba6 7.Bxa6 Nxa6 8.Qd3 Nb8
9.Qg3 g6 10.h4 h5 11.Qd3 Nc6 12.Bg5 Qd7 13.c4 dxc4 14.Qxc4 Qd5 15.Qxd5 exd5
16.Ne2 Kd7 17.O-O Re8 18.Rfe1 Nd8 19.a4 Ne6 20.c4 dxc4 21.Rac1 Ne7 22.Bxe7 Rxe7
23.Rxc4 Kc8 24.d5 Nc5 25.f4 Rd8 26.Nc3 f6 27.e6 c6 28.dxc6 Kc7 29.f5 gxf5
30.Rf1 Kxc6 31.Rxf5 Rxe6 32.Nb5 Kb7 33.Rxh5 Rd7 34.Rf5 Rg7 35.Nc3 Kc6 36.Rcf4 Nd7
37.Kf2 Re5 38.Ne4 Rxf5 39.Rxf5 Rg6 40.g3 a6 41.h5 Rh6 42.g4 Kc7 43.Kg3 Kd8
44.Rd5 Ke7 45.Kf4 Rh8 46.Kf5 Rc8 47.h6 Rc1 48.Rxd7+ Kxd7 49.h7 Rh1 50.Nxf6+ Ke7
51.Kg6 Rh4 52.Ng8+ Kf8 53.Nh6  1-0

[Event "Tampere We HervS 2 op"]
[Site "Tampere"]
[Date "1997.??.??"]
[Round "5"]
[White "Taivainen, Jukka"]
[Black "Tolonen, Leo Toivovich"]
[Result "1-0"]
[WhiteElo "2295"]
[BlackElo "2330"]

1.e4 e6 2.d4 d5 3.Nc3 Bb4 4.e5 b6 5.Bd2 Ne7 6.Bb5+ c6 7.Ba4 Nf5 8.Nce2 a5
9.c3 Be7 10.Nf3 Ba6 11.O-O O-O 12.Re1 c5 13.Ng3 Nxg3 14.hxg3 Bd3 15.Bg5 c4
16.Bxe7 Qxe7 17.Re3 Na6 18.Nh4 Nc7 19.f4 b5 20.Bc2 Bxc2 21.Qxc2 b4 22.Nf3 bxc3
23.bxc3 Rfb8 24.Ng5 g6 25.g4 h6 26.Nf3 Ra6 27.Rb1 Rab6 28.Rxb6 Rxb6 29.Qa4 Rb5
30.Kh2 Kg7 31.Re2 Qd8 32.Kg3 Qc8 33.Qa3 Ne8 34.Rb2 Rxb2 35.Qxb2 Qd7 36.Qb6 a4
37.Qb4 Kg8 38.Qb8 Qe7 39.Ne1 Kf8 40.Nc2 g5 41.f5 Qc7 42.Qb4+ Kg7 43.Qxa4 Nf6
44.Kf3 Nxg4 45.Kxg4 exf5+ 46.Kf3 g4+ 47.Ke2 Qb6 48.Nb4 Qg6 49.Qc6 Qh5 50.Qf6+ Kg8
51.Nxd5 g3+ 52.Ke3 f4+ 53.Kxf4 Qe2 54.Ne7+ Kf8 55.Ng6+  1-0

[Event "Tanta op"]
[Site "Tanta"]
[Date "1997.??.??"]
[Round "2"]
[White "Soderberg, Per"]
[Black "Yousry, Mohamed"]
[Result "1-0"]
[WhiteElo "2255"]
[BlackElo "2120"]

1.e4 e6 2.d4 d5 3.Nc3 Bb4 4.e5 b6 5.a3 Bf8 6.f4 Qd7 7.Nf3 Ba6 8.Bxa6 Nxa6
9.Qd3 Nb8 10.O-O g6 11.Be3 c5 12.Ne2 Nc6 13.c4 cxd4 14.Nfxd4 Nxd4 15.Bxd4 Ne7
16.Rad1 Rc8 17.cxd5 Nxd5 18.Ng3 Be7 19.f5 Qa4 20.Qf3 Rf8 21.f6 Bc5 22.Bxc5 Rxc5
23.Ne4 Rc8 24.Nd6+ Kd7 25.Rxd5 exd5 26.Qh3+ Kc6 27.Rc1+  1-0

[Event "Tanta op"]
[Site "Tanta"]
[Date "1997.??.??"]
[Round "3"]
[White "Hamam, Reda"]
[Black "Amin, Ashraf"]
[Result "1/2-1/2"]
[WhiteElo "2320"]
[BlackElo "2120"]

1.e4 e6 2.d4 d5 3.Nc3 Bb4 4.e5 Ne7 5.Qg4 c5 6.a3 Bxc3+ 7.bxc3 Qc7 8.Bd2 cxd4
9.cxd4 Qxc2 10.Qxg7 Rg8 11.Qh6 Qb2 12.Rc1 Qxd4 13.Nf3 Qe4+ 14.Be3 Nbc6 15.Ng5 Qxe5
16.Nxh7 Nf5 17.Qf6 Rg6 18.Qxe5 Nxe5 19.Bg5 a6 20.h4 Nd7 21.h5 Rg7 22.g4 Rxh7
23.gxf5 exf5 24.Bg2 Ne5 25.Rc7 Be6 26.Rxb7 Rc8 27.Rh4 Nd3+ 28.Ke2 Nc5 29.Ra7 Ne4
30.Bxe4 fxe4 31.h6 Rc6 32.Bf6 Bf5 33.Bg7 d4 34.Bxd4 Rhxh6 35.Rxh6 Rxh6 36.Ke3 Rc6
37.a4 Rd6 38.a5 Bg6 39.Bb6 Rd3+ 40.Kf4 f6 41.Be3 Rd6 42.Rg7  1/2-1/2

[Event "Tanta op"]
[Site "Tanta"]
[Date "1997.??.??"]
[Round "5"]
[White "Fouad, Hadi"]
[Black "Amin, Ashraf"]
[Result "0-1"]
[WhiteElo "2190"]
[BlackElo "2120"]

1.e4 e6 2.d4 d5 3.Nc3 Bb4 4.e5 Ne7 5.a3 Bxc3+ 6.bxc3 c5 7.h4 Nbc6 8.Nf3 Qa5
9.Bd2 Bd7 10.h5 h6 11.Bd3 O-O-O 12.O-O c4 13.Be2 Qa4 14.Qc1 Kb8 15.Qb2 f6
16.exf6 gxf6 17.Rfb1 b6 18.Bf4+ Kb7 19.Qc1 Rdg8 20.Bh2 Nf5 21.Ra2 Rg7 22.Qf4 Rhg8
23.Bf1 Bc8 24.Kh1 Qa5 25.Qd2 Rg4 26.a4 Bd7 27.g3 Nd6 28.Ra3 Ne4 29.Qe3 Ne7
30.Bh3 e5 31.Bxg4 Rxg4 32.Nh4 f5 33.dxe5 f4 34.Qe1 Qc5 35.Raa1 Nxf2+ 36.Kg2 fxg3
37.e6 gxh2+ 38.Kf3 h1=Q+ 39.Qxh1 Nxh1 40.Kxg4 Bxe6+  0-1

[Event "SVK-ch U18"]
[Site "Topolcianky"]
[Date "1997.??.??"]
[Round "6"]
[White "Pinter, Erik"]
[Black "Vavrak, Peter"]
[Result "0-1"]
[WhiteElo "2030"]
[BlackElo "2170"]

1.e4 e6 2.d4 d5 3.Nc3 Bb4 4.e5 b6 5.Qg4 Bf8 6.Bg5 Qd7 7.Nf3 h6 8.Bf4 Ne7
9.h4 Ba6 10.Bxa6 Nxa6 11.O-O Nf5 12.a4 Nb4 13.Nb5 a6 14.Na3 Qxa4 15.c4 Qd7
16.h5 dxc4 17.Nxc4 Nxd4 18.Nfd2 Nd5 19.Bxh6 Rxh6 20.Qxd4 Rxh5 21.Rfd1 Qe7
22.Nf3 a5 23.Ne3 O-O-O 24.Nc4 Qb4 25.Ra4 Bc5 26.Qg4 Qb3 27.Nfd2 Qc2 28.Qxh5 Qxa4
29.Rc1 Nf4 30.Qxf7 Ne2+ 31.Kf1 Nxc1  0-1

[Event "Torre Blanca op"]
[Site "Torre Blanca"]
[Date "1997.??.??"]
[Round "6"]
[White "Dos Santos, Freire Ramiro"]
[Black "Gamarian, Gaguik"]
[Result "1-0"]
[WhiteElo "2345"]
[BlackElo "2145"]

1.e4 e6 2.d4 d5 3.Nc3 Bb4 4.e5 Ne7 5.a3 Bxc3+ 6.bxc3 c5 7.Qg4 Qc7 8.Bd3 cxd4
9.Ne2 dxc3 10.Qxg7 Rg8 11.Qxh7 Nbc6 12.Bf4 Bd7 13.O-O O-O-O 14.Bg3 Ng6 15.Nxc3 Ncxe5
16.Ne2 Qc5 17.Rab1 f5 18.Rb3 Qf8 19.Rfb1 Rh8 20.Rc3+ Nc6 21.Rxc6+  1-0

[Event "Ubeda"]
[Site "Ubeda"]
[Date "1997.??.??"]
[Round "1"]
[White "Leko, Peter"]
[Black "Illescas Cordoba, Miguel"]
[Result "1/2-1/2"]
[WhiteElo "2600"]
[BlackElo "2635"]

1.e4 e6 2.d4 d5 3.Nc3 Bb4 4.e5 Ne7 5.a3 Bxc3+ 6.bxc3 c5 7.Qg4 Kf8 8.h4 Qc7
9.Qd1 Bd7 10.Bd2 Ba4 11.Bd3 Nbc6 12.Nf3 c4 13.Be2 Ke8 14.h5 h6 15.Nh4 Kd7
16.f4 Rag8 17.Bg4 g5 18.hxg6 Nxg6 19.Kf2 Nxh4 20.Rxh4 Qd8 21.g3 Ne7 22.Rc1 h5
23.Rxh5 Rxh5 24.Bxh5 Nf5 25.Bg4 Rh8 26.Qg1 Qg8 27.Bxf5 exf5 28.Qg2 Kc6 29.Rh1 Bxc2
30.Rh4 Bd3 31.Qh3 Rxh4 32.gxh4 Kd7 33.h5 Qg4 34.Qxg4 fxg4 35.Kg3 Bf5 36.a4 b6
37.Bc1  1/2-1/2

[Event "Ubeda op"]
[Site "Ubeda"]
[Date "1997.??.??"]
[Round "8"]
[White "Wohl, Aleksandar H"]
[Black "Rodriguez, Andres"]
[Result "1-0"]
[WhiteElo "2425"]
[BlackElo "2565"]

1.e4 e6 2.d4 d5 3.Nc3 Bb4 4.e5 Ne7 5.Bd2 b6 6.Bb5+ c6 7.Ba4 Nf5 8.Nce2 Qg5
9.g3 Qxd2+ 10.Qxd2 Bxd2+ 11.Kxd2 f6 12.f4 fxe5 13.fxe5 O-O 14.Rf1 Ba6 15.c3 h6
16.Nh3 Bxe2 17.Kxe2 b5 18.Bc2 Nd7 19.Nf4 Rac8 20.Ng6 Rf7 21.g4 Ne7 22.Nf4 Nf8
23.h4 g6 24.Rf2 Rg7 25.Rhf1 Rb8 26.Nd3 h5 27.gxh5 Nf5 28.Rg1 gxh5 29.Rxg7+ Kxg7
30.Nf4 Nxh4 31.Rh2 Nf5 32.Bxf5 exf5 33.Rxh5 b4 34.Rg5+ Kf7 35.Rxf5+ Ke7 36.Rf6 bxc3
37.bxc3 Rb6 38.a4 Nd7 39.Rh6 Nf8 40.a5 Rb5 41.Rxc6 Rxa5 42.Rd6 Ra2+ 43.Kd3 a5
44.Nxd5+ Ke8 45.e6  1-0

[Event "JUG Cup"]
[Site "Ulcinj"]
[Date "1997.??.??"]
[Round "?"]
[White "Markovic, Miroslav"]
[Black "Knezevic, Bojan"]
[Result "1-0"]
[WhiteElo "2520"]
[BlackElo "2370"]

1.e4 e6 2.d4 d5 3.Nc3 Bb4 4.e5 Qd7 5.Qg4 f5 6.Qg3 b6 7.Nh3 Ba6 8.Bxa6 Nxa6
9.Nf4 Bf8 10.a3 c5 11.O-O Nc7 12.Nce2 c4 13.b3 Ne7 14.a4 O-O-O 15.Qc3 Qc6
16.Ba3 cxb3 17.Qxb3 g5 18.Nd3 Qc4 19.Qb2 Nc6 20.a5 Qb5 21.Qc1 Bxa3 22.Rxa3 Nxa5
23.Qxg5 Rhg8 24.Qh6 Qd7 25.g3 Nc6 26.Rb1 Qg7 27.Qc1 Qe7 28.Qb2 Kd7 29.Nef4 Ke8
30.Rc3 Na5 31.Rxc7 Qxc7 32.Nxe6 Qc4 33.Nxd8 Kxd8 34.Nf4 Kc7 35.Qa3 Rd8 36.Ne6+  1-0

[Event "Villa Ballester op"]
[Site "Villa Ballester"]
[Date "1997.??.??"]
[Round "8"]
[White "Felgaer, Ruben"]
[Black "Giaccio, Alfredo"]
[Result "1-0"]
[WhiteElo "2265"]
[BlackElo "2460"]

1.e4 e6 2.d4 d5 3.Nc3 Bb4 4.e5 Ne7 5.Nf3 c5 6.dxc5 Nbc6 7.Bd3 Ng6 8.O-O Bxc5
9.Bxg6 fxg6 10.Bg5 Be7 11.Bxe7 Qxe7 12.Nb5 O-O 13.Qd2 h6 14.Qe3 g5 15.c3 a6
16.Nd6 Rd8 17.Nd4 Bd7 18.Nxb7 Rdb8 19.Nxc6 Bxc6 20.Na5 Bb5 21.Rfb1 Ba4 22.Qd4 Qd7
23.b3 Bc6 24.Rd1 Rb5 25.Nxc6 Qxc6 26.Rac1 Rc5 27.Rd3 a5 28.h4 gxh4 29.Qxh4 Qc7
30.Rg3 Qxe5 31.Qxh6 Rf8 32.Qe3 Qxe3 33.Rxe3 Rc6 34.Rce1 Rfc8 35.Rxe6 Rxe6
36.Rxe6 Rxc3 37.Rd6 Rc1+ 38.Kh2 Rc2 39.Rxd5 Rxa2 40.f3 a4 41.bxa4 Rxa4 42.g4 Kf7
43.Kg3 Ra3 44.Kf4 Rb3 45.Rf5+ Kg6 46.Re5 Kf6 47.Rf5+ Kg6 48.Rg5+ Kh6 49.Rh5+  1-0